Online Catalogue and eLibrary

Mental health in the tamil community (Record no. 4528)

MARC details
000 -LEADER
fixed length control field 00503nam a2200205Ia 4500
005 - DATE AND TIME OF LATEST TRANSACTION
control field 20241204043957.0
008 - FIXED-LENGTH DATA ELEMENTS--GENERAL INFORMATION
fixed length control field 240331s9999 xx 000 0 und d
020 ## - INTERNATIONAL STANDARD BOOK NUMBER
ISBN 9295012011
082 ## - DDC Classification
Item Number - Author Mark MEN
Class No. 894
245 #0 - TITLE STATEMENT
Title Mental health in the tamil community
250 ## - EDITION STATEMENT
Edition statement 2nd
260 ## - PUBLICATION, DISTRIBUTION, ETC.
Place of publication, distribution, etc. Jaffna
Name of publisher, distributor, etc. Shanthiham
Date of publication, distribution, etc. 2005
300 ## - PHYSICAL DESCRIPTION
Extent (e.g. Volumes, Pages etc.) XI, 214 p .,
650 ## - SUBJECT ADDED ENTRY--TOPICAL TERM
Topical term or geographic name entry element Tamil Community
650 ## - SUBJECT ADDED ENTRY--TOPICAL TERM
Topical term or geographic name entry element Sex
650 ## - SUBJECT ADDED ENTRY--TOPICAL TERM
Topical term or geographic name entry element Mental Health
700 ## - ADDED ENTRY--PERSONAL NAME
Personal name Somasundaram,D.
Relator term (Role) Editor
700 ## - ADDED ENTRY--PERSONAL NAME
Personal name Sivayokan. S
Relator term (Role) Editor
942 ## - Koha item type (Biblio)
Koha item type Books in Stacks (Lending)
Holdings
Lost status Damaged status Collection code Home library Current library Shelving location Date acquired Full call number Accession Number Item type
    Lending WERC Library WERC Library Social Science Cupboard 03/31/2024 894 MEN 6539 Books in Stacks (Lending)

© WERC Library